• 首页
  • 本馆介绍
  • 公告通知
  • 最新文献
  • 馆藏检索
  • 电子资源
  • 读者导购
  • 参考咨询
  • 我的图书馆
  • 登录
  • 详细信息显示
  • 放入我的书架
  • 预约/预借图书
  • 作者相关作品
  • 分类相关作品
  • 丛书相关作品
  • 出版社相关作品

书目信息

  • 表格格式
  • 工作单格式
  • 卡片格式
题名:
手把手教你看图说话写话
    
 
作者: 汤素兰 主编
分册:  
出版信息: 长沙   湖南教育出版社  2013
页数: 120页
开本: 21cm
丛书名:
单 册:
中图分类: G624.243
科图分类:
主题词: 作文课--小学--学习参考资料
电子资源:
ISBN: 978-7-5355-7690-3
000 00726nam0 2200253 450
001 2352518133
005 20231219143620.46
010    @a978-7-5355-7690-3@dCNY 19.80
090    @aG624.2@btsl
096    @aG624.2@btsl
100    @a20140324d2013 cemy0chiy0120 ea
101 0  @achi
102    @aCN@b430000
105    @aa z 000yy
200 1  @a手把手教你看图说话写话@Ashou ba shou jiao ni kan tu shuo hua xie hua@f汤素兰主编
205    @a3版
210    @a长沙@c湖南教育出版社@d2013
215    @a120页@c彩图@d21cm
300    @a开心作文
606 0  @a作文课@x小学@j学习参考资料
690    @aG624.243@v5
701  0 @a汤素兰@Atang su lan@f(1965~)@4主编
801  2 @aCN@b辽宁北配@c20231205
905    @aBZT@dG624.243@e14=3
    
    手把手教你看图说话写话/汤素兰主编.-3版.-长沙:湖南教育出版社,2013
    120页:彩图;21cm
    开心作文
    
    ISBN 978-7-5355-7690-3:CNY 19.80
    
●
相关链接 在五车中查询图书 在当当中查询图书 在豆瓣中查询图书


正题名:手把手教你看图说话写话     索取号:G624.243/14=3         预约/预借

序号 登录号 条形码 馆藏地/架位号 状态 备注
1 2001659426   2001659426   516书库/ [索取号:G624.243/14=3] 在馆    
2 2001659427   2001659427   516书库/ [索取号:G624.243/14=3] 在馆    
3 2001659428   2001659428   516书库/ [索取号:G624.243/14=3] 在馆    
4 2001659429   2001659429   516书库/ [索取号:G624.243/14=3] 在馆    
5 2001659430   2001659430   516书库/ [索取号:G624.243/14=3] 在馆    
6 2001659431   2001659431   516书库/ [索取号:G624.243/14=3] 在馆    
7 2001659432   2001659432   516书库/ [索取号:G624.243/14=3] 在馆    
8 2001659433   2001659433   516书库/ [索取号:G624.243/14=3] 在馆    
9 2001659434   2001659434   516书库/ [索取号:G624.243/14=3] 在馆    
10 2001659435   2001659435   516书库/ [索取号:G624.243/14=3] 在馆    
11 2001659436   2001659436   516书库/ [索取号:G624.243/14=3] 在馆    
12 2001659437   2001659437   516书库/ [索取号:G624.243/14=3] 在馆    
13 2001659438   2001659438   516书库/ [索取号:G624.243/14=3] 在馆    
14 2001659439   2001659439   516书库/ [索取号:G624.243/14=3] 在馆    
15 2001659440   2001659440   516书库/ [索取号:G624.243/14=3] 在馆    
16 2001659441   2001659441   516书库/ [索取号:G624.243/14=3] 在馆    
17 2001659442   2001659442   516书库/ [索取号:G624.243/14=3] 在馆    
18 2001659443   2001659443   516书库/ [索取号:G624.243/14=3] 在馆    
19 2001659444   2001659444   516书库/ [索取号:G624.243/14=3] 在馆    
20 2001659445   2001659445   516书库/ [索取号:G624.243/14=3] 在馆    
21 2001659446   2001659446   516书库/ [索取号:G624.243/14=3] 在馆    
22 2001659447   2001659447   516书库/ [索取号:G624.243/14=3] 在馆    
23 2001659448   2001659448   516书库/ [索取号:G624.243/14=3] 在馆    
24 2001659449   2001659449   516书库/ [索取号:G624.243/14=3] 在馆    
25 2001659450   2001659450   516书库/ [索取号:G624.243/14=3] 在馆    
26 2001659451   2001659451   516书库/ [索取号:G624.243/14=3] 在馆    
27 2001659452   2001659452   516书库/ [索取号:G624.243/14=3] 在馆    
28 2001659453   2001659453   516书库/ [索取号:G624.243/14=3] 在馆    
29 2001659454   2001659454   516书库/ [索取号:G624.243/14=3] 在馆    
30 2001659455   2001659455   516书库/ [索取号:G624.243/14=3] 在馆    
山东省滨州职业学院图书馆 欢迎您!
大连网信软件有限公司© 版权所有